[Event "Euwe Intern 2006-2007"]
[Site "Amsterdam"]
[Date "2006.11.16"]
[Round "10"]
[White "Janse, Paul"]
[Black "Witt, Rob"]
[Result "0-1"]
[WhiteElo "2114"]
[BlackElo "2220"]
[Annotator "Witt,Rob"]
[PlyCount "86"]
[EventDate "2006.??.??"]

{Een goeie week voor mij. Afgelopen zaterdag mijn eerste overwinning in de
knsb en nu mijn eerste punt in de interne. Is de vormcrisis voorbij of is dit
slechts een kleine opleving voordat de definitieve "meltdown" begint? De
toekomst zal het leren. De partij zelf is qua opening interessant. Maar nadat
beide partijen hun ontwikkeling voltooid hebben kies ik niet het goede plan en
vervolgens kiest Paul meteen een totaal verkeerd plan waardoor ik snel zeer
goed kom te staan.} 1. e4 e6 2. d4 d5 3. e5 {Verrassend! Tot nu toe speelde
Paul altijd 3.Pc3 en tegen de Winawer 3....Lb4 4.Pge2 of 4.e5.} c5 4. Nf3 {
Aha, een van de zijvarianten van de Franse Doorschuifvariant. Samen met de
andere twee, 4.dxc5 en 4.Dg4, wat in onbruik geraakt maar niet ongevaarlijk.}
Nc6 {Het meest gebruikelijk.} ({Een ander idee is het uitstellen van Pc6. Bijv.
} 4... cxd4 5. Bd3 (5. Nxd4 $11) (5. Qxd4 $11) 5... Ne7 6. O-O (6. Bf4 Ng6 7.
Bg3 Qb6 $5 {schijnt zwarts idee te zijn.}) 6... Nec6 ({of} 6... Ng6 7. Re1 Nc6
8. a3 Bd7 9. b4 Qc7 10. Qe2 Be7 $15 {Maar 27.1-0 in Short - Bareev, Tilburg
1991.}) 7. Bf4 Be7 8. Nbd2 g5 {Erwich,F-Barsov, Utrecht 1999 (26.0-1)}) 5. Bd3
cxd4 6. O-O {2' Dit is het idee van de witte opstelling. Wit wil ten koste van
een pion (tijdelijk?) snel ontwikkelen en op koningsaanval spelen. In de jaren
70 heb ik dit met zwart een aantal keren gehad, o.a. tegen Bram van Dijk en
Alex de Savornin Lohman, maar ik ben die partijen helaas kwijt en vergeten.
Het voornaamste probleem van zwart is dat hij diverse opstellingen kan innemen,
maar welke is nu de beste?} Nge7 {7'} ({Volgens Paul is} 6... f6 $5 {de
vervelendste zet voor wit. Inderdaad geven zowel Nunn's Chess Openings (1999),
maar ook Keres (1968) die zet als de hoofdvariant. Zelfs Euwe speelde dit al
in 1936! Het zal wel een kwestie van smaak zijn. Paul van der Sterren had eind
jaren 70 deze stelling 2x tegen Van Wijgerden. De eerste keer speelde Paul 6...
.f6, maar twee jaar later gaf hij de voorkeur aan 6....Pge7.} 7. Bb5 (7. Qe2
fxe5 (7... Qc7 $5) 8. Nxe5 Nxe5 9. Qxe5 Nf6 10. Bf4 Qb6 11. Nd2 Be7 12. Nb3 O-O
13. Bg3 $14 {Van Wijgerden - Van der Sterren, NK Leeuwarden 1977 (53.1-0)})
7... Bd7 8. Bxc6 bxc6 9. Qxd4 fxe5 $6 ({Psakhis geeft} 9... Qb6 $5 10. Qf4 f5)
(9... f5 $5) 10. Qxe5 $14 {Alekhine - Euwe, Nottingham 1936 (81.1-0)}) ({
Botwinnik speelde twee keer} 6... Bc5 {Bijv.} 7. Nbd2 Nge7 8. Nb3 (8. a3 $6 Ng6
9. Nb3 Bb6 10. Re1 Bd7 11. g3 $2 f6 12. Bxg6+ hxg6 13. Qd3 Kf7 14. h4 Qg8 $1 {
Volgde in de klassieker Bondarevsky - Botvinnik, Leningrad/Moscow 1941 (29.0-1)
.}) 8... Bb6 9. Bf4 Ng6 10. Bg3 (10. Bxg6 $6 hxg6 11. Re1 Bd7 12. Bg3 Rc8 13.
Re2 Ne7 14. Nbxd4 Nf5 $13 {Levenfish - Botvinnik, USSR Ch. Leningrad 1937 (58.
1/2-1/2)}) 10... O-O 11. h4 (11. Bxg6 fxg6 12. Nbxd4 Nxd4 13. Nxd4 Bd7 14. c3
Rc8 15. f3 Bc5 16. Qd2 b5 17. Bf2 Qc7 18. Rfe1 a5 19. a3 Be7 20. Nc2 {1/2-1/2
Van Wijgerden - Van der Sterren, Amsterdam 1979}) 11... f5 $5 {Psakhis.} ({
Ook gespeeld is} 11... f6 12. Bxg6 hxg6 13. Qd3 fxe5 14. Nxe5 Nxe5 15. Bxe5 Rf5
$13) 12. h5 Nh8 13. Qd2 Nf7 14. Rfe1 {Met gecompliceerd en interessant spel
volgens Psakhis. Deze zelfde structuur komen we in de partij tegen. Alleen
hier staan hier de beide a-pionnen nog op hun plaats. Na bijv.} a5 {wat Fritz
aanbeveelt, speelt wit het beste} 15. a4 {In onze partij speelde Paul zijn
a-pion in twee stapjes naar a4.}) 7. Bf4 Ng6 8. Bg3 Bc5 {18'} ({Sterk in
aanmerking komt} 8... Qb6 $1 9. Nbd2 (9. b3 $6 Bd7 10. a3 f6 11. exf6 gxf6 12.
Nh4 O-O-O $1 13. Bxg6 hxg6 14. Nxg6 Rg8 15. Nxf8 Rdxf8 $17 {Spraggett -
Pogorelov, Coria del Rio 2002 (24.0-1)}) 9... Nb4 $5 ({Ook speelbaar is} 9...
Qxb2 $5) 10. Nb3 (10. Bxg6 hxg6 ({Of} 10... fxg6 11. Nb3 Be7 12. Nfxd4 O-O $11
{Psakhis.}) 11. Nb3 d3 12. cxd3 Qa6 13. d4 Bd7 14. Qd2 Qd3 15. Rfc1 Qxd2 16.
Nfxd2 Be7 17. Nc5 Rc8 18. Ndb3 (18. Nxb7 $2 Nc2 19. Rab1 Nxd4) 18... b6 19.
Nxd7 Kxd7 $15 {Romero Garcia - Kononenko, Sevilla 2005 (43.0-1).}) 10... Nxd3
11. Qxd3 Bd7 12. Nfxd4 Be7 13. f4 O-O $11 {Seul - Gurevich, Bonn 1996 (32.0-1).
}) 9. Nbd2 O-O 10. a3 {6'} ({Gebruikelijk is} 10. Nb3) 10... a5 {21'} (10... f5
$5 {is ook wat voor te zeggen. Er zou kunnen volgen} 11. exf6 ({of} 11. Qe2 f4
12. Bxg6 fxg3 13. Bd3 gxf2+ 14. Rxf2 Bd7 $13) 11... Qxf6 12. Bxg6 Qxg6 13. Nb3
Bb6 14. Nbxd4 Nxd4 15. Nxd4 Bd7 {In beide gevallen met onduidelijk spel.}) 11.
h4 {9'} f5 ({Fritz prefereert} 11... f6 $5) 12. h5 {11'} Nh8 13. Nb3 {15'} Bb6
{30'} 14. Bf4 {28'} Nf7 {34'} ({Voor de hand ligt} 14... a4 {Ik liet het
echter na wegens} 15. Nc1 ({Lijkt logischer dan} 15. Nbd2) 15... Nf7 16. b4 {
Maar misschien is dat helemaal niet slecht voor zwart, al is de keus tussen
wel of niet en passant slaan lastig.}) 15. a4 Bd7 {40'} ({Interessant leek me
ook} 15... g5 16. hxg6 hxg6 17. Qd2 g5 18. Nxg5 Nfxe5 {Maar ik had geen goed
gevoel bij deze stelling. Achteraf zou ik niet durven zeggen wie hier beter
staat.}) 16. Qd2 Qb8 $6 {Een gekunstelde zet. Ik wilde een keer Pb4 spelen
maar niet zonder slag of stoot mijn d-pion opgeven. De dame kan beter naar e7
of e8 met onduidelijke stelling.} 17. Rfe1 Qa7 $2 {44'} ({Mijn fout toegeven
met} 17... Qe8 {was beter geweest.}) 18. g4 $2 {36' Een z ware beslissing na
slechts 7'. Hij leek me tijdens de partij ook niet onlogisch omdat ik mijn
dame min of meer buitenspel heb gezet. Maar meteen na de partij zei Paul dat
deze opmars te vroeg was. En gelijk heeft hij. Waarschijnlijk heeft Paul de
zet voornamelijk op gevoel gespeel en geen concrete varianten uitgerekend. Met
tamelijk voor de hand liggende zetten komt zwart nu in het voordeel. Er waren
diverse betere alternatieven:} ({Fritz gaat voor} 18. h6 g6 (18... Nxh6 19.
Bxh6 gxh6 20. Qxh6 Rf7 21. Ng5 Re7 22. g4 $16) 19. Bb5 Rfc8 20. Rac1 {met
voordeel voor wit.}) ({Zelf vind ik} 18. Bxf5 {de beste. Bijv.} exf5 ({Ik
dacht dat misschien} 18... Ng5 {mogelijk was, maar dat valt tegen.} 19. Bxg5
Rxf5 20. h6 g6 21. Bf6 Rf8 22. Bg7 Rxf3 23. gxf3 Rxf3 24. Nc1 Bc5 25. Nd3 Be7
26. Kg2 Rf5 {is waarschijnlijk goed voor wit, al is het niet gemakkelijk om
verder te komen.}) 19. e6 Bxe6 (19... Be8 20. exf7+ Bxf7 21. h6 g6 22. Bd6 Rfe8
23. Qg5 Bd8 24. Rxe8+ Bxe8 25. Qd2 Bf6 26. Re1 Bf7 27. Bc5 $14) 20. Rxe6 Rae8
21. Rae1 Rxe6 22. Rxe6 $14) 18... fxg4 {46'} 19. Nh2 Nb4 20. Nxg4 {38'} Nxd3 {
Wit nog 52', zwart 43'.} 21. cxd3 $6 {49'} ({Waarschijnlijk speelde Paul geen} 
21. Qxd3 {wegens} Qa6 $1 $15 {en of de dames worden geruild, of de dame komt
sterk op c4.}) 21... Bd8 22. Kh1 {44'} (22. h6 g5 23. Bg3 Qb6 24. Nc1 Kh8 $14)
22... Qb6 $1 {38' Ik denk dat Paul deze damemanoeuvre heeft gemist of
onderschat.} 23. Nc1 Qb4 {36' Goed genoeg, maar waarschijnlijk niet de beste.}
(23... h6 24. Rg1 (24. Bxh6 $2 gxh6 25. Nxh6+ Kh7 $19) 24... Kh7 25. Ne2 Ng5
$17) (23... Kh8 24. Rg1 Be7) 24. Qxb4 {33' Er is niks beters.} axb4 25. Nb3 Ng5
$1 {33'} (25... Rxa4 $2 26. Rxa4 Bxa4 27. Nc5 $1) 26. Bxg5 Bxg5 27. Kg2 {28'}
Rf4 28. f3 {25'} b6 $1 {32'} 29. Nf2 {22'} (29. Nc1 Raf8 30. Rf1 Be8 31. Ne2
Bxh5 32. Nxf4 Bxf4) 29... Rh4 {28'} 30. Ng4 {20'} (30. Kg3 Rxh5 31. f4 Bh4+ 32.
Kg4 Bxf2 33. Kxh5 Rf8 $1 34. Kg4 (34. Rf1 Rxf4 35. Kg5 Rf3 $19) 34... h5+ 35.
Kf3 Bxe1 36. Rxe1 g5 $19) 30... Rxh5 {25'} 31. Nxd4 Rh4 32. b3 $2 {10' Ik neem
niet aan dat Paul na 10' nadenken stukverlies overziet. Waarchijnlijk vond hij
andere zetten ook hopeloos. Toch zou ik gekozen hebben voor} (32. Ne2 h5 33.
Nf2 {en de keus voor zwart is nog niet eenvoudig. Het beste is waarschijnlijk}
b3 $5 ({Minder is in elk geval} 33... Rxa4 $6 34. Rxa4 Bxa4 35. Ra1 b5 36. Kg3
$13) 34. d4 Be3 35. Kg3 (35. Ra3 Bxd4 36. Nxd4 Rxd4 37. Rxb3 Ra6 $19) 35...
Bxf2+ 36. Kxf2 Rxa4 37. Rxa4 Bxa4 38. Kg3 g5 $19) 32... h5 33. Kg3 hxg4 34.
fxg4 Rh8 {20'} 35. Nf3 {8'} Be7 36. Rac1 {6'} Ra7 (36... Bd8 $19) 37. Rf1 g6 {
18'} 38. Nd4 Bh4+ (38... Bc5 $1) 39. Kg2 Bg5 40. Rc2 {4'} Be3 {13' Allebei 10'
erbij.} (40... Rh7) 41. Nc6 Bxc6 $6 (41... Rb7) 42. Rxc6 Re7 43. Rf6 Kg7 {
en Paul gaf op.} 0-1

[Event "Euwe Intern 2006-2007"]
[Site "?"]
[Date "2006.11.23"]
[Round "1.11"]
[White "Witt, Rob"]
[Black "Nijenhuis, Wim"]
[Result "1-0"]
[WhiteElo "2220"]
[BlackElo "2029"]
[Annotator "Witt"]
[PlyCount "51"]
[EventDate "2006.??.??"]

{Deze partij is een afschrikwekkend voorbeeld wat er kan gebeuren als je Euwe
Online niet goed leest of als je niet leert van je eigen partijen. Onze
gewaardeerde hoofdredacteur kampt na een paar minuten al met problemen die een
half jaar geleden al uitgebreid aan de orde zijn geweest.} 1. Nf3 Nf6 2. c4 e6
3. Nc3 d5 4. d4 Bb4 {Voor de derde keer ontmoeten Wim en ik elkaar in de
Ragozinvariant van het Damegambiet (of is het Nimzo-indisch?).} 5. cxd5 ({
De eerste keer, begin 2005, koos ik voor} 5. Qa4+ Nc6 6. Bg5 h6 7. Bxf6 Qxf6 8.
cxd5 exd5 9. e3 O-O 10. Be2 {en won uiteindelijk in het verre eindspel. Wim
zijn rating was toen nog 1916. Hij was jong, ambitieus, werkte hard en wist
zijn rating in minder dan 2 jaar met ruim 110 punten omhoog te krikken.
Voorwaar een indrukwekkende prestatie. Wim loopt nu met een voldaan gezicht
rond en denkt dat hij er al is. Nee Wim, nu begint het pas. Niet tevreden
achterover leunen maar keihard verder werken, met name aan je eigen partijen.})
5... exd5 6. Bg5 h6 7. Bh4 g5 8. Bg3 Ne4 {2'} 9. Nd2 $1 {2' Dit pionoffer is
de enig juiste voortzetting. Tot mijn verbazing ging Wim meteen in de denktank.
} ({In onze tweede Ragozin op 11-5-2006, hadden we ook deze stelling. Ik zag
hem voor het eerst en na een minuut of 10 koos ik voor het normaal ogende} 9.
Rc1 $2 {Er volgde verrassend} h5 $1 {en ik besefte al snel dat ik in
moeilijkheden verkeerde. Ik herinner me dat ik toen dacht dat 7.Lh4
waarschijnlijk fout was geweest. Ik was zo onder de indruk van het idee dat ik
het zelf met zwart probeerde tegen het jonge talent Vincent Ouwendijk van VAS
in het laatste ACT toernooi. Ook hij kende het idee niet en speelde Tc1? Dat
werd mijn enige overwinning in het rampzalig verlopen toernooi. Met dank aan
Wim.}) 9... Nc6 $2 {12' Nieuw en zo ongeveer verliezend.} ({De enige
acceptabele manier om het pionoffer te weigeren is} 9... Nxg3 10. hxg3 c5 {
zoals bijv. Sosonko maar liefst viermaal heeft gespeeld met 1 uit 4 als
resultaat. De eerste keer verloor hij van Geller in het Interzonetoernooi van
Biel 1976. Ik herinner me dat hij mij toen vertelde dat de Ragozin een goeie
opening is, maar niet tegen de wereldtop. Later heeft hij het pionffer wel
tweemaal aangenomen en maakte beide keren remise.}) (9... Nxc3 10. bxc3 Bxc3
11. Rc1 {Zwart staat nu voor de lastige beslissing waar de loper heen moet.}
Bb2 {Zoals op Euwe Online aangegeven is deze verrassende zet de beste.} ({
Meer voor de hand ligt} 11... Ba5 {Khalifman geeft in "According to Kramnik"}
12. e3 (12. h4) 12... c6 13. h4 g4 14. Be2 Be6 15. O-O h5 16. e4 $1 Bb6 17.
exd5 cxd5 18. Nb3 Nc6 19. Qd2 {Met ruime compensatie in Gelfand - Bareev,
Polanica Zdroj 1997(36.1/2-1/2). Helemaal overtuigend vind ik het niet.}) (
11... Bxd2+ 12. Qxd2 Nc6 13. h4 {is heel goed voor wit.}) (11... Bxd4 $2 {
is heel slecht wegens} 12. Qa4+ Nc6 13. Rxc6 Bxf2+ 14. Bxf2 bxc6 15. Qxc6+ Bd7
16. Qxd5 $16) 12. Bxc7 ({Sterker dan} 12. Rxc7 Na6 13. Rc2 Bxd4 14. e3 Bg7 15.
Bxa6 bxa6 16. O-O Bd7 17. Qf3 Bb5 18. Rd1 O-O $13 {Epishin - Sosonko, Ter Apel
1992 (40.1/2-1/2)}) 12... Qe7 {Zo heeft de specialist bij uitstek, IGM Mitkov
uit Macedonië, het al zeven keer gespeeld zonder nederlaag.} ({Ook} 12... Qd7 {
wordt gespeeld. Bijv.} 13. Rb1 Bc3 (13... Bxd4 $2 {verliest een stuk wegens}
14. Bxb8 Rxb8 15. e3 {met de dreiging Lb5.}) 14. Be5 (14. Bxb8 $5 {Khalifman})
(14. Bg3 $5) 14... O-O 15. Rb3 $1 Ba5 16. h4 Nc6 (16... g4 17. e3 Nc6 18. Bf4
Qe6 19. Be2 h5 20. O-O $16 {Plischki - Furman, Pardubice 2006 (44.1-0)}) 17.
hxg5 Nxe5 18. dxe5 Qc7 19. e3 Qxe5 20. f4 Qc7 21. Rxh6 Re8 22. Kf2 d4 23. Kg1
Bf5 (23... dxe3 24. Qa1 $1) 24. Qh5 Kg7 25. e4 Rxe4 26. Nxe4 Bxe4 27. Rh3 d3
28. Rh7+ Kf8 29. g6 Bb6+ 30. Kh1 Bxg6 31. Qxg6 Qxf4 32. Qg7+ {1-0 Moiseenko,
A-Giorgadze,G/Sanxenxo 2004}) 13. Bd6 $5 (13. Rb1 {Khalifman}) 13... Qe6 14.
Rb1 (14. Rc2 Bxd4 15. Ba3 Nc6 16. e4 Bd7 17. Nb3 Bb6 {1/2-1/2 Miralles -
Sosonko, Cannes 1990}) 14... Bc3 (14... Bxd4 $2 15. Bxb8 Rxb8 16. Qa4+) 15. Ba3
Nc6 16. e3 Bxd4 17. Bb5 Bf6 (17... Be5 18. O-O Bd6 19. Bxd6 Qxd6 20. Ne4 Qe5
21. Qxd5 Qxd5 22. Nf6+ Kf8 23. Nxd5 Ne7 24. Nc7 Rb8 25. e4 (25. f4 Bf5 26. e4
Bxe4 27. Rbe1 Nd5 28. Rxe4 Nxc7 29. Bc4 {Sokolov,I - Onischuk, Poikovsky 2006 
(59.1/2-1/2)}) 25... Kg7 26. Rfd1 $14 {Sargissian - Landa, Germany 2005 (71.
1-0)}) 18. Nb3 $5 Bc3+ 19. Kf1 a6 20. Bd3 b5 21. Bc5 Bf6 22. a4 $14 {Shabalov
- Mitkov, Chicago 2002 (41.1/2-1/2)}) 10. Ndxe4 {8'} dxe4 11. d5 Bxc3+ 12. bxc3
Qf6 $2 {13' Snel gespeeld, maar dit helpt alleen maar wit. Beter was} (12...
Ne7 13. Qd4 {Hier was Wim bang voor, maar het is helemaal niet zo duidelijk.} (
{In aanmerking komt ook} 13. Qa4+ Qd7 14. Qxe4 Qxd5 15. Qe5 Qxe5 16. Bxe5 O-O
17. Bxc7 $16) ({Misschien is} 13. h4 {wel de beste zet. Bijv.} Nxd5 14. Qa4+ c6
15. Qxe4+ Be6 16. Qe5 $14) 13... O-O 14. O-O-O (14. Rd1) 14... f5 {En het is
niet zo duidelijk hoe wit nu het beste kan spelen.} 15. h4 (15. d6 $5 f4 16. d7
) (15. e3 f4 $1 16. exf4 gxf4 17. Bh4 Qd6 {is heel onduidelijk.}) 15... f4 16.
Bh2 (16. hxg5 $2 Nf5 $1) 16... Qd6 17. hxg5 hxg5 {en nu misschien} 18. e3 (18.
g3 $6 e3 $1) 18... Bf5 19. Bc4 $14) 13. Rc1 Ne7 {22'} 14. Qa4+ {14'} ({Domweg} 
14. Bxc7 $16 {heb ik ook overwogen.}) 14... c6 {30'} 15. d6 Ng6 (15... Nf5 16.
Qxe4+ Qe6) 16. Qxe4+ Be6 17. e3 {16'} Kd7 $2 {37' Hier staat de koning bepaald
niet veilig. Maar ook na andere zetten staat wit op winst.} (17... O-O) 18. Be2
{19'} h5 {41'} 19. h3 {24'} a5 {1.09' Na bijna een half uur nadenken. Wim zei
achteraf dat hij absoluut niet zag wat hij moest doen. Ik zou het ook niet
weten.} 20. O-O Rhe8 {Wit nog 60', zwart 16'} 21. Rb1 {55'} Rab8 22. Rb6 {47'}
Qxc3 {7' Zij die gaan sterven mogen alles eten.} 23. Rfb1 f5 {5' versnelt het
einde.} (23... Kc8 24. Ba6) 24. Rxb7+ Rxb7 25. Rxb7+ Kc8 26. Qb1 1-0

[Event "Euwe Intern 2006-2007"]
[Site "?"]
[Date "2006.11.30"]
[Round "1.12"]
[White "Salomons, Rik"]
[Black "Witt, Rob"]
[Result "0-1"]
[WhiteElo "2081"]
[BlackElo "2220"]
[PlyCount "40"]

{Geen boeiende partij en eigenlijk niet de moeite waard om op Euwe Online te
publiceren. Maar de opening is interessant en op zet 16 maakt Rik a tempo een
verschrikkelijke blunder. Einde van een partij die eigenlijk nog had moeten
beginnen. Dit heb ik vaker gezien bij Rik. Hij kan heel sterk spelen, maar
zijn spel wordt regelmatig ontsierd door een impulsieve zet die alles
verknoeit. De leerzame les van deze partij is dan ook: A TEMPO ZETTEN IS NOOIT
GOED.} 1. d4 d5 2. c4 c6 3. Nf3 Nf6 4. Nc3 e6 {De vorige twee keer speelde ik
tegen Rik de Chameleon (Slavisch met 4...a6) en het Aangenomen Damegambiet. Ik
voel me nog steeds niet in vorm en hou dus voorlopig vast aan Arne's
aanbeveling om in zo'n geval openingen te spelen die ik zelden of nooit speel.
Dat werkt de laatste tijd goed moet ik zeggen.} 5. e3 Nbd7 6. Bd3 ({De Meraner.
Tegenwoordig is} 6. Qc2 Bd6 7. g4 $5 {de grote mode.}) 6... dxc4 7. Bxc4 b5 8.
Bd3 a6 {Een beetje ouderwets geloof ik.} ({Het achterwege laten van a6 zie je
ook vaak. Bijv.} 8... Bb7 9. O-O (9. a3) 9... b4 10. Ne4 Be7 11. Nxf6+ Nxf6 12.
e4 O-O 13. e5 Nd7 $13) 9. e4 c5 10. d5 {De beroemde Reynoldsvariant} ({De
andere hoofdvariant begint met} 10. e5 cxd4 11. Nxb5 {en nu heeft zwart
verschillende mogelijkheden waarvan geloof ik} Nxe5 {de beste is. Er is
verschrikkelijk veel theorie van beide systemen. Reden waarom ik de Meraner
met beide kleuren meestal vermijd.}) 10... c4 11. Bc2 {2'} Qc7 {13'} 12. dxe6
fxe6 13. O-O Bb7 {15'} (13... Bc5) (13... Bd6) 14. Ng5 {11'} ({Tijdens de
partij vroeg ik me af wat ik het beste kan doen op} 14. e5 {Waarschijnlijk
gewoon} Nxe5 ({Rik liet het na wegens} 14... Ng4 {maar dat leek me link wegens}
15. Ng5 $1 {We keken lang naar} Ndxe5 16. Bf4 {maar dat leek allemaal goed
voor wit, al kon Rik dat moeilijk geloven.}) 15. Nxe5 Qxe5 16. Re1 Qd6 {
We bekeken hier} 17. Bg5 {maar nu is} (17. Qxd6 Bxd6 18. Rxe6+ Kd7 {is eerder
iets beter voor zwart.}) 17... Qxd1 {ik deed geloof ik iets anders.} 18. Raxd1
Kf7 19. Bxf6 Kxf6 {OK voor zwart.}) ({Populair is ook} 14. Nd4 {Een
belangrijke partij is dan} Nc5 15. Be3 (15. Qe2) (15. e5) 15... e5 16. Nf3 Be7
17. Ng5 O-O $1 {Een belangrijk nieuwtje van Kasparov.} 18. Bxc5 Bxc5 19. Ne6
Qb6 20. Nxf8 Rxf8 {Met mooie compensatie voor de kwaliteit in Kasimdzhanov -
Kasparov, Linares 2005 (36.0-1)}) ({In een andere bekende partij volgde} 14.
Qe2 Bd6 15. Nd4 Nc5 16. f4 e5 17. Ndxb5 axb5 18. Nxb5 Qb6 19. Nxd6+ Qxd6 20.
fxe5 Qxe5 21. Rf5 Qe7 22. Qxc4 $13 {Karpov - Anand, Lausanne 1998 (108.1-0)})
14... Nc5 15. Be3 {14' Blijkt niet zo gebruikelijk te zijn. De zet is op zich
niet zo slecht maar wel de inleiding tot de volgende blunder.} ({In de
postmortem keken we uitgebreid naar het interessante} 15. Qf3 Bd6 16. Qh3 {
Dat is het idee. Wit heeft druk op e6, geen last van h6 en dreigt soms iets
met e5 en Lg6+.} O-O-O ({Theoriebeest Smeets speelde hier dit jaar} 16... Qd7
$6 17. Rd1 Qe7 18. e5 $5 (18. Be3) 18... Bxe5 19. Bg6+ Kf8 20. Be3 $16 {
Koneru - Smeets, Wijk aan Zee 2006 (41.1-0)}) 17. f4 (17. Nxe6 Nxe6 18. Qxe6+
Kb8 {Er dreigt Lc8 met damewinst.} 19. Qh3 h6 20. f4 b4 $15) 17... h6 18. Nxe6
Nxe6 19. e5 Bc5+ ({een ander idee is} 19... Kb8 $5 20. exd6 Rxd6 21. f5 Nd4 22.
Bd1 b4 23. Na4 Nd5 $13) 20. Kh1 {En thuis vond ik (Fritz) het sterke} Kb8 $1 ({
Ik speelde} 20... Qf7 21. exf6 $13) 21. exf6 (21. Qxe6 $2 Bc8 $1 $19) 21... Nd4
22. fxg7 $6 (22. Be4 $13) 22... Nxc2 $1 23. gxh8=Q Rxh8 24. Rb1 Rg8 {en wit is
in de problemen.}) ({Veel gespeeld door lieden als Karpov, Kramnik, Topalov,
Gelfand, enz. is ook het pionoffer} 15. e5 Qxe5 16. Re1 Qd6 17. Qxd6 Bxd6 18.
Be3 O-O 19. Rad1 Be7 20. Bxc5 Bxc5 21. Nxe6 Rfc8 {met ongeveer gelijke kansen.}
) 15... h6 {25'} (15... Bd6 {was een alternatief.}) 16. Bxc5 $4 {A tempo
gespeeld. Kennelijk dacht Rik dat ik terug moest slaan, waarna hij op e6 slaat
en goed staat. Dan zou mijn vorige zet, waar ik 10' over nadacht, dus een
blunder zijn geweest. Nou blunder ik regelmatig maar toch meestal niet na 10'
nadenken. Dat had toch een aanwijzing voor Rik moeten zijn. Ik heb het de
laatste tijd een paar keer met Alje gehad over a tempo zetten. Alje vertelde
mij dat hij dit seizoen een stuk of vier keer a tempo een voor de hand
liggende zet deed die slecht was of zelfs meteen verloor. Onze conclusie was
dat je nooit a tempo moet zetten en Alje nam zich ook voor om dat nooit meer
te doen. Hoe moeilijk dat is, bleek ook weer deze avond. Alje stond op winst
tegen Saïd Becic, maar deed een keer a tempo een zet en verloor.} ({Bekend is
nog} 16. Nf3 Ncxe4 (16... Rd8 $5) 17. Nxe4 (17. Nd4 $5) 17... Bxe4 18. Bxe4
Nxe4 19. Nd4 Qf7 20. a4 b4 21. Qe2 $14 e5 22. Nf3 (22. Bf4 $5) 22... Bd6 23.
Rad1 O-O-O $2 (23... Qe6) 24. Bb6 $18 {Skatchkov - Fayzrakhmanov, Ishevsk RUS
2005 (35.1-0)}) 16... hxg5 $19 {Zwart wint een stuk omdat er mat op h2 dreigt.}
17. e5 {20'} Bxc5 {26'} 18. Bg6+ Kf8 {De beste zet en ik speelde hem a tempo
omdat het de enige zet lijkt. Op Ke7 slaat wit immers op f6 met schaak?
Gezichtsbedrog en weer een aanwijzing dat je nooit a tempo moet zetten.
Gelukkig heeft het hier geen gevolgen.} (18... Ke7 19. exf6+ (19. Qe2) 19...
Kxf6 20. Bh5 g6 {wint ook eenvoudig.}) 19. Re1 {24'} Rh4 $1 {43' Er leiden
natuurlijk vele wegen naar Rome, maar dit vond ik de beste en tot mijn
genoegen vindt Fritz dat ook. De bedoeling is omveld e4 te bestrijken zodat de
dreiging Dc6 nog sterker wordt.} ({Meteen} 19... Qc6 {wint natuurlijk ook,
bijv.} 20. Ne4 Nxe4 21. Bxe4 Qb6 (21... Qxe4 22. Rxe4 Bxe4 23. Qg4 Bd5 $19 {
maar wit kan nog wat rommelen.}) 22. Qf3+ Kg8 23. Bxb7 Rf8 $19) 20. Qd2 Qc6 {
en Rik gaf op.} 0-1